| 000 | 00498nam a22001577a 4500 | ||
|---|---|---|---|
| 999 |
_c529269 _d529269 |
||
| 020 | _qHard Cover. | ||
| 082 | _a621.3 | ||
| 100 | _aNisar, Nouman | ||
| 245 |
_aRanking in Web Services Discovery with User Preferences / _cNouman Nisar. |
||
| 260 |
_aIslamabad: _bCEME - NUST, _c2016. |
||
| 300 |
_a41 p.: ill.; _c30cm. |
||
| 942 |
_2ddc _cTHE |
||
| 650 |
_aComputer SoftWare Engineering MS-Thesis. _916105 |
||
| 700 |
_aDr. Farooq Azam _920926 |
||